| 000 | 00784nam a22001935i 4500 | ||
|---|---|---|---|
| 001 | 163789 | ||
| 003 | ES-MaACL | ||
| 005 | 20230906212818.0 | ||
| 008 | 991029s1890 ag |||| | spa d | ||
| 040 |
_aCCPB | B _bspa _cCCPB | B |
||
| 100 | 1 |
_aRodríguez Marquina, Paulino. _9131945 |
|
| 245 | 1 | 3 |
_aLa provincia de Tucuman _b: breves apuntes / _cpor Paulino Rodríguez Marquina. |
| 250 | _a2ª ed. correg. y aum. para la Oficina Estadística. | ||
| 260 |
_aTucuman : _b[s.n.], _c1890 ( _ftip. y encuadernacion de El Orden) |
||
| 300 |
_a20 p. ; _c21 cm. |
||
| 594 | 1 | _aPrecede al tít.: "República Argentina" | |
| 651 | 4 |
_aTucumán (Argentina)- _xEstadísticas. _9137380 |
|
| 852 |
_aES-MaACL _jT-553-F-4 _z-- Enc. hol., conservando la cub. original _z-- Enc. en un vol. facticio |
||
| 999 |
_c163789 _d163789 |
||